| 000 | 00588nab#a2200205#c#4500 | ||
|---|---|---|---|
| 999 |
_c53399 _d53399 |
||
| 003 | IEF | ||
| 005 | 20191205183221.0 | ||
| 008 | 950704s1975 uuu|| #####0 b| |u | ||
| 040 |
_aIEF _cES-MaIEF |
||
| 100 | 1 |
_aSevilla Segura, José Víctor _940905 |
|
| 245 |
_aModelos de financiación de la Hacienda Local _c José V. Sevilla Segura |
||
| 260 | _c1975 | ||
| 650 | 4 |
_aESPAÑA _941092 |
|
| 650 | 4 |
_aHACIENDAS LOCALES _945217 |
|
| 650 | 4 |
_aFINANCIACION _944260 |
|
| 773 | 0 |
_tHacienda Pública Española _w34570 _gn. 35, 1975;pags. 51-69 |
|
| 942 | _2udc | ||
| 942 | _2udc | ||